Arsenal players since 2000 - Statistics

General Stats
  • This quiz has been taken 206 times
    169 since last reset
  • The average score is 102 of 183
Answer Stats
Ranking Player Positions Nationality Matches Goals Assists Periods % Correct
4 Thierry Henry FW 227 158 66 2000-2006, 2011-2012
100%
9 Bukayo Saka DF, MF, FW 195 53 45 2018-2025
98%
43 Alexis Sánchez MF, FW 122 60 25 2014-2018
97%
5 Granit Xhaka DF, MF 225 17 24 2016-2023
96%
8 Cesc Fàbregas MF, FW 212 35 70 2004-2011
95%
10 Robin van Persie FW 194 96 39 2004-2012
95%
22 Gabriel Martinelli MF, FW 161 40 20 2019-2025
94%
28 Martin Ødegaard MF, FW 152 34 31 2020-2025
94%
14 Mesut Özil MF, FW 184 33 55 2013-2020
94%
46 Petr Čech GK 110 0 0 2015-2019
94%
39 Pierre-Emerick Aubameyang MF, FW 128 68 16 2017-2022
94%
2 Aaron Ramsey MF 262 40 45 2008-2019
92%
79 David Raya GK 70 0 0 2023-2025
92%
26 Per Mertesacker DF 156 6 1 2011-2018
92%
6 Kolo Touré DF 225 9 8 2002-2009
91%
3 Laurent Koscielny DF 255 22 2 2010-2019
91%
83 Oleksandr Zinchenko DF, MF 69 2 5 2022-2025
90%
16 Olivier Giroud FW 180 73 24 2012-2018
90%
1 Theo Walcott MF, FW 270 65 43 2006-2018
90%
25 Alexandre Lacazette FW 158 54 25 2017-2022
89%
80 Gabriel Jesus FW 70 18 11 2022-2025
89%
60 William Saliba DF 100 6 2 2022-2025
89%
36 Wojciech Szczęsny GK 132 0 0 2010-2015
89%
19 Tomáš Rosický MF 170 19 15 2006-2007, 2009-2015
88%
51 Andrey Arshavin MF, FW 105 23 20 2008-2013
87%
17 Freddie Ljungberg MF, FW 174 39 24 2000-2007
87%
30 Jens Lehmann GK 148 0 1 2003-2007, 2010-2011
87%
29 Patrick Vieira MF 151 19 19 2000-2005
87%
37 Thomas Partey DF, MF 130 9 5 2020-2025
87%
57 Bernd Leno GK 101 0 0 2018-2022
86%
111 Fabio Vieira MF, FW 33 2 4 2022-2024
86%
88 Kai Havertz MF, FW 60 22 10 2023-2025
86%
63 Leandro Trossard MF, FW 92 21 18 2022-2025
86%
11 Robert Pirès MF, FW 189 62 41 2000-2006
86%
7 Bacary Sagna DF 213 4 15 2007-2014
85%
53 Emmanuel Adebayor FW 104 46 15 2005-2009
84%
31 Sol Campbell DF, FW 146 8 4 2001-2005, 2009-2010
84%
84 Takehiro Tomiyasu DF 65 2 3 2021-2025
84%
20 Dennis Bergkamp FW 168 30 44 2000-2006
83%
125 Joel Campbell MF, FW 23 3 2 2014-2016
83%
38 Santi Cazorla MF 129 25 34 2012-2017
83%
42 Ben White DF, MF 124 6 11 2021-2025
82%
77 Declan Rice MF 73 11 15 2023-2025
82%
74 Aaron Ramsdale GK 78 0 0 2021-2024
81%
32 Alexandre Song DF, MF 138 7 14 2005-2012
81%
115 David Ospina GK 29 0 0 2014-2018
81%
40 Jack Wilshere MF 125 7 14 2008-2010, 2012-2018
81%
64 Mohamed Elneny MF 91 1 5 2015-2018, 2020-2024
81%
13 Nacho Monreal DF 187 7 13 2012-2020
81%
27 Ashley Cole DF 155 8 12 2000-2006
80%
108 Henrikh Mkhitaryan MF, FW 39 8 8 2017-2020
80%
56 Shkodran Mustafi DF 102 7 4 2016-2021
80%
23 Gabriel Magalhães DF 160 17 1 2020-2025
79%
15 Héctor Bellerín DF, MF 183 8 20 2014-2021
79%
99 Jakub Kiwior DF, MF 44 3 3 2022-2025
79%
72 Sead Kolašinac DF, MF 80 2 11 2017-2022
79%
18 Gilberto Silva DF, MF 170 17 11 2002-2008
78%
94 Jorginho MF 53 0 3 2022-2025
78%
71 Nicolas Pépé MF, FW 80 16 9 2019-2022
78%
118 Mikel Merino MF, FW 28 7 2 2024-2025
77%
47 Thomas Vermaelen DF 110 13 4 2009-2014
77%
34 Alex Oxlade-Chamberlain MF, FW 132 9 14 2011-2018
76%
112 Jurriën Timber DF 32 1 3 2023-2025
76%
113 Łukasz Fabiański GK 32 0 1 2007-2010, 2012-2014
76%
59 Alex Iwobi MF, FW 100 11 17 2015-2019
75%
54 Kieran Tierney DF, MF, FW 104 4 8 2019-2022, 2024-2025
75%
12 Gaël Clichy DF 187 1 8 2003-2011
74%
45 Mikel Arteta MF 110 14 6 2011-2016
74%
49 Nicklas Bendtner FW 108 24 11 2007-2011, 2013-2014
74%
130 Riccardo Calafiori DF 19 2 1 2024-2025
74%
104 Eduardo da Silva FW 41 8 7 2007-2008, 2009-2010
73%
136 Emiliano Martínez GK 15 0 0 2014-2015, 2016-2017, 2019-2020
73%
86 Lucas Torreira MF 63 3 3 2018-2020
73%
70 Emile Smith Rowe MF, FW 80 12 9 2019-2024
72%
65 Alexander Hleb MF 89 7 10 2005-2008
71%
48 Manuel Almunia GK 109 0 2 2004-2005, 2006-2011
71%
58 William Gallas DF 101 12 0 2006-2010
71%
81 David Seaman GK 69 0 0 2000-2003
68%
89 Lukas Podolski MF, FW 60 19 11 2012-2015
68%
21 Mathieu Flamini MF 168 10 8 2004-2007, 2013-2016
66%
131 Yossi Benayoun MF 19 4 1 2011-2012
66%
66 Danny Welbeck MF, FW 88 16 11 2014-2019
64%
93 David Luiz DF, MF 53 3 1 2019-2021
64%
98 Gervinho MF, FW 46 9 9 2011-2013
63%
109 Tony Adams DF 36 1 2 2000-2002
63%
75 Nwankwo Kanu FW 76 12 12 2000-2004
62%
117 Ethan Nwaneri MF, FW 28 4 2 2022-2025
61%
126 Myles Lewis-Skelly DF 23 1 0 2024-2025
61%
68 Samir Nasri MF, FW 86 18 7 2008-2012
61%
103 Cédric Soares DF, MF 41 2 2 2019-2024
60%
35 Emmanuel Eboué DF, MF 132 4 14 2004-2011
60%
134 Raheem Sterling MF, FW 17 0 2 2024-2025
60%
114 Carlos Vela MF, FW 29 3 0 2008-2011
59%
33 Kieran Gibbs DF, MF 137 2 8 2008-2017
59%
121 Willian MF, FW 25 1 5 2020-2021
59%
61 Rob Holding DF 98 2 1 2016-2023
58%
44 Eddie Nketiah MF, FW 116 19 6 2017-2024
57%
24 Lauren DF 159 7 7 2000-2006
57%
139 Stephan Lichtsteiner DF, MF 14 0 0 2018-2019
57%
52 Francis Coquelin DF, MF 105 0 1 2011-2012, 2014-2018
56%
107 Marouane Chamakh FW 40 8 4 2010-2012
56%
85 Philippe Senderos DF 64 4 0 2004-2008
56%
100 Sokratis Papastathopoulos DF 44 3 2 2018-2020
56%
76 Calum Chambers DF, MF 74 3 3 2014-2017, 2019-2022
55%
95 Reiss Nelson MF, FW 50 4 2 2017-2018, 2019-2025
55%
41 Abou Diaby MF 124 14 10 2005-2014
54%
67 Johan Djourou DF 86 1 1 2005-2012
54%
96 Dani Ceballos MF, FW 49 0 5 2019-2021
53%
90 Mattéo Guendouzi MF 57 0 1 2018-2020
53%
50 Sylvain Wiltord MF, FW 106 31 16 2000-2004
53%
120 Albert Sambi Lokonga MF 25 0 0 2021-2023
50%
82 José Antonio Reyes MF 69 16 21 2003-2006
49%
97 Gabriel Paulista DF 46 1 0 2014-2017
47%
62 Denílson MF 96 7 10 2006-2011
44%
141 Mathieu Debuchy DF 13 1 0 2014-2017
44%
144 Richard Wright GK 12 0 0 2001-2002
44%
148 Serge Gnabry DF, MF, FW 9 1 0 2012-2014
44%
161 Mathew Ryan GK 3 0 0 2020-2021
43%
149 Konstantinos Mavropanos DF 7 0 0 2017-2019
42%
129 Nuno Tavares DF, MF 22 1 1 2021-2022
42%
55 Ray Parlour MF 104 4 1 2000-2004
42%
78 Ainsley Maitland-Niles DF, MF 72 1 3 2014-2015, 2016-2022
41%
146 Lucas Pérez MF, FW 11 1 0 2016-2017
41%
69 Martin Keown DF, MF 84 0 2 2000-2004
41%
160 Kim Källström MF 3 0 0 2013-2014
40%
119 Mikaël Silvestre DF 26 3 1 2008-2010
40%
137 Vito Mannone GK 15 0 0 2008-2009, 2012-2013
40%
138 Pablo Marí DF 14 0 0 2019-2022
38%
127 Sébastien Squillaci DF 23 1 0 2010-2012
38%
150 Lassana Diarra MF 7 0 0 2007-2008
36%
102 Carl Jenkinson DF 41 1 3 2011-2013, 2016-2017, 2018-2019
35%
101 Lee Dixon DF 42 1 2 2000-2002
35%
179 Rúnar Alex Rúnarsson GK 1 0 0 2020-2021
35%
140 Armand Traoré DF, MF 13 0 1 2007-2008, 2009-2010, 2011-2012
33%
105 Giovanni van Bronckhorst DF, MF 41 2 2 2001-2003
33%
174 Marquinhos MF, FW 1 0 0 2022-2023
33%
124 André Santos DF, MF 23 2 0 2011-2013
32%
106 Joe Willock MF, FW 40 1 1 2017-2021
32%
73 Edu Gaspar MF 79 8 4 2000-2005
31%
164 Folarin Balogun FW 2 0 0 2021-2022
31%
163 Sebastian Larsson MF 3 0 0 2005-2006
31%
87 Pascal Cygan DF 63 3 0 2002-2006
30%
123 Sylvinho DF 24 2 2 2000-2001
30%
147 Yaya Sanogo FW 11 0 0 2013-2015
30%
145 Alex Manninger GK 11 0 0 2000-2001
26%
165 Kerrea Gilbert DF 2 0 0 2005-2006
26%
157 Denis Suárez MF, FW 4 0 0 2018-2019
24%
151 Emmanuel Frimpong MF 6 0 0 2011-2012
24%
92 Oleh Luzhny DF 54 0 3 2000-2003
23%
181 Ryo Miyaichi MF, FW 1 0 0 2013-2014
23%
172 Gavin Hoyte DF 1 0 0 2008-2009
22%
122 Júlio Baptista MF, FW 24 3 2 2006-2007
22%
110 Justin Hoyte DF 34 1 0 2002-2004, 2006-2008
22%
116 Jérémie Aliadière MF, FW 29 1 0 2001-2004, 2006-2007
21%
133 Igors Stepanovs DF 17 0 0 2000-2003
20%
128 Francis Jeffers FW 22 4 1 2001-2003
19%
91 Gilles Grimandi DF 56 1 2 2000-2002
19%
178 Park Chu-young MF, FW 1 0 0 2011-2012
19%
153 Ignasi Miquel DF 5 0 0 2011-2013
16%
175 Mart Poom GK 1 0 0 2006-2007
16%
170 Arturo Lupoli FW 1 0 0 2005-2006
14%
155 Chuba Akpom MF, FW 4 0 0 2013-2015
14%
142 Jermaine Pennant MF 12 3 1 2002-2003, 2004-2005
14%
143 Nelson Vivas DF 12 0 1 2000-2001
14%
171 David Bentley MF 1 0 0 2003-2004
13%
152 Fran Mérida MF 6 1 0 2008-2010
13%
135 Matt Upson DF 16 0 0 2000-2002
13%
132 Stuart Taylor GK 18 0 0 2001-2003
13%
154 Quincy Owusu-Abeyie MF, FW 5 0 0 2004-2006
11%
162 Rami Shaaban GK 3 0 0 2002-2003
9%
177 Nico Yennaris DF, MF 1 0 0 2011-2012
8%
182 Stathis Tavlaridis DF 1 0 0 2002-2003
8%
168 Tomas Danilevičius FW 2 0 0 2000-2001
7%
169 Amaury Bischoff MF 1 0 0 2008-2009
6%
158 Henri Lansbury MF 3 0 0 2009-2010, 2011-2012
6%
159 John Lukic GK 3 0 0 2000-2001
6%
166 Mark Randall MF 2 0 0 2007-2009
6%
176 Nathan Butler-Oyedeji FW 1 0 0 2024-2025
6%
183 Stefan Malz DF, MF 1 0 0 2000-2001
6%
156 Craig Eastmond DF, MF 4 0 0 2009-2010
5%
173 Jay Emmanuel-Thomas MF, FW 1 0 0 2010-2011
5%
167 Paolo Vernazza MF 2 1 0 2000-2001
5%
180 Ryan Garry DF, MF 1 0 0 2002-2003
4%
No matching quizzes found
Score Distribution
Percent of People with Each Score
Percentile by Number Answered
Your Score History
You have not taken this quiz since the last reset